Countries with embassies and consulates in Guinea - Statistics

General Stats
  • This quiz has been taken 22 times
  • The average score is 25 of 32
Answer Stats
Continent Country % Correct
Asia China
100%
Europe France
100%
Europe Germany
100%
Asia Japan
100%
Africa Algeria
95%
South America Brazil
95%
Africa Egypt
95%
Asia India
95%
Asia/ Europe Russia
95%
North America Cuba
89%
Africa Morocco
89%
Africa Nigeria
89%
North America United States of America
89%
Africa Mali
84%
Europe United Kingdom
84%
Europe Guinea Bissau
79%
Africa Liberia
79%
Asia/ Europe Turkey
79%
Africa D. R. Congo
74%
Asia Iran
74%
Asia Saudi Arabia
74%
Africa South Africa
74%
Europe Vatican City
68%
Europe Ghana
63%
Africa Ivory Coast
63%
Europe Spain
63%
Asia Malaysia
58%
Africa Senegal
58%
Asia Lebanon
53%
Africa Sierra Leone
53%
Asia Palestine
32%
Asia North Korea
26%
No matching quizzes found
Score Distribution
Percent of People with Each Score
Percentile by Number Answered
Your Score History
You have not taken this quiz